000 00257nam a2200097Ia 4500
001 1054982
005 20250827001333.0
008 250824s9999 xx 000 0 und d
245 0 _aBÖRÜ KURT İMPARATORLUĞU
_cÇAĞLAYAN YILMAZ
260 _bPANAMA YAYINLARI
999 _c1054982
_d1054982